| 000 | 01031cam a22003137a 4500 | ||
|---|---|---|---|
| 003 | CHAP | ||
| 005 | 20220329140353.0 | ||
| 008 | 971013s1948 mx a r 00010 spa d | ||
| 010 | _a51032 | ||
| 011 | _a52004 | ||
| 035 | _a56154 | ||
| 040 | _cCHAP | ||
| 082 | 0 | 4 |
_a631.45 _bW3 |
| 100 | 0 | 0 |
_aWagner, Helmuth O. _9120785 |
| 245 | 1 | 3 |
_aEl bosque y la conservación del suelo _b: su importancia cultural y económica |
| 260 |
_aMéxico, D.F. : _bEd. Cultura, _c1948 |
||
| 300 |
_a169 p. : _b: ilus. |
||
| 590 |
_aBATCH-UPD _b10 _c20130110 _lUCH01 _h0609 |
||
| 590 |
_aBATCH-UPD _b10 _c20130410 _lUCH01 _h0251 |
||
| 590 |
_aBATCH-UPD _b10 _c20130914 _lUCH01 _h0715 |
||
| 590 |
_aCONVERSION _b10 _c20130109 _lUCH01 _h1328 |
||
| 650 | 1 | 4 |
_aBosques _xInfluencias. _914237 |
| 650 | 1 | 4 |
_aSuelos _xConservación. _9110283 |
| 700 | 0 |
_aLenz, Hanz. _966046 |
|
| 901 | _aBK | ||
| 942 | _cLIBRO | ||
| 949 |
_a631.45 W3 _bBC _cLIBRO _d-122810 _eLIBRO _h31196 _i56154 _mD _si |
||
| 949 |
_a631.45 W3 _bBC _cLIBRO _d33724000076170 _eLIBRO _fc.2 _h40096 _i56154 _mD _si |
||
| 999 |
_c51032 _d51032 |
||